000 00907nam a22001937a 4500
999 _c62331
_d62331
003 Ge_BSU
005 20241007124137.0
008 241007s2023 ge ||||| |||| 00| 0 geo d
020 _a9789941334894
041 _ageo
080 _a51(075.8) ხ-25
100 _aხარაზიშვილი, ალექსანდრე
_919875
245 _aმათემატიკის საფუძვლების ზოგიერთი საკითხი (P & ) (P →Q)) → Q :
_b [დამხმარე სახელმძღვანელო] /
_cალექსანდრე ხარაზიშვილი.
264 _aთბილისი :
_bუნივერსალი,
_c2023.
300 _a258 გვ. ;
_b20 სმ.
504 _aბიბლიოგრაფია: გვ. 242-255.
653 _aმათემატიკა
942 _2udc
_cᲬᲘᲒᲜᲘ